| 000 | 00648nam a22002057a 4500 | ||
|---|---|---|---|
| 005 | 20141021122940.0 | ||
| 010 | _aENG-111014 | ||
| 020 |
_c195.00 _a9788175157026 |
||
| 035 | _aEN-94546 | ||
| 037 | _bDBAD/PUB | ||
| 082 | _a158.1 | ||
| 100 | _aRao, M.S. | ||
| 245 |
_aSmartness guide : _cby M.S. Rao, M. Ganesh Sai [and] M. Ramakrishna Sayee _bsuccess tools for students / |
||
| 260 |
_aNew Delhi _bGalgotia Publications _c2012 |
||
| 270 |
_bNew Delhi _e110002 _a5, Ansari Road, Darya Ganj |
||
| 300 |
_axii,118p. _c22cm(pbk) |
||
| 700 | _aSai, M. Ganesh | ||
| 700 | _aSayee, M. Ramakrishna | ||
| 942 |
_2ddc _cEN _mRAO _h158.1 |
||
| 999 |
_c89444 _d89444 |
||